Crimen Perfecto

Rafael (Willy Toledo) es un tipo seductor y ambicioso al que le gustan las mujeres guapas, la ropa elegante y el ambiente selecto. Trabaja en unos grandes almacenes y quiere convertirse en el nuevo Jefe de planta. Su único rival es don Antonio, al cual mata en una acalorada discusión. La única testi...

Full description

Bibliographic Details
Other Authors: Iglesia, Alex de la (Conductor)
Format: DVD
Language:Spanish
Published: España: DVD Video, 2004.
Subjects:

MARC

LEADER 00000cgm a2200000 a 4500
001 030795
003 UAHC_CL
005 20191125122533.0
008 000101b sp 000 spa
952 |0 0  |1 0  |4 0  |6 DVD_520  |7 0  |8 COMP  |9 60172  |a BC  |b BC  |c Referencia  |d 2017-08-03  |l 1  |o DVD-520  |p 1390477  |r 2021-12-01 00:00:00  |s 2017-11-02  |t c.1  |w 2017-08-03  |y DVD 
999 |c 30795  |d 30795 
040 |a UAHC_CL  |c UAHC_CL  |d UAHC_CL 
245 1 0 |a Crimen Perfecto  |c Alex de la Iglesia 
260 |a España:  |b DVD Video,  |c 2004. 
300 |a 1 videodiscos (104 min.) 
500 |a DVD CON RAYAS PERO SE VISUALIZA BIEN. 02.10.14. CCC. 
520 |a Rafael (Willy Toledo) es un tipo seductor y ambicioso al que le gustan las mujeres guapas, la ropa elegante y el ambiente selecto. Trabaja en unos grandes almacenes y quiere convertirse en el nuevo Jefe de planta. Su único rival es don Antonio, al cual mata en una acalorada discusión. La única testigo es Lourdes (Mónica Cervera), quién decide chantajearle para convertirle en su amante primero y en su marido después. 
650 4 |a CINE ESPAÑOL 
700 1 |a Iglesia, Alex de la  |e dir. 
900 |a DVD-520 
942 |c DVD  |2 ddc